Labská vodní cesta a její význam pro město Ústí nad Labem /

Korporativní autor: Univerzita J.E. Purkyně v Ústí nad Labem. Fakulta životního prostředí
Další autoři: Farský, Miroslav, 1937-
Jazyk: Čeština
Vydáno: Ústí nad Labem : Univerzita J.E. Purkyně v Ústí nad Labem, Fakulta životního prostředí, 2004
Vydání: Vyd. 1.
Témata:
Fyzický popis: 48 s. : barev. il., mapy ; 21 cm
Knihy
Uloženo v:
LEADER 02225nam a2200553 a 4500
001 nkc20061693456
003 CZ PrNK
005 20080711142717.0
007 ta
008 080131s2004 xr ab f 000 0 cze
015 |a cnb001693456 
020 |a 80-7044-634-X  |q (brož.) 
035 |a (OCoLC)228668511 
040 |a ABA001  |b cze 
043 |a e-gx---  |a e-xr---  |b e-xr-cc  |b e-xr-us  |2 czenas 
072 7 |a 502  |x Životní prostředí a jeho ochrana  |2 Konspekt  |9 2 
080 |a 627  |2 MRF 
080 |a 626.1  |2 MRF 
080 |a 656.62  |2 MRF 
080 |a (437.31-17)  |2 MRF 
080 |a (437.315)  |2 MRF 
080 |a (048.8)  |2 MRF 
245 0 0 |a Labská vodní cesta a její význam pro město Ústí nad Labem /  |c Miroslav Farský ... [et al.] 
250 |a Vyd. 1. 
260 |a Ústí nad Labem :  |b Univerzita J.E. Purkyně v Ústí nad Labem, Fakulta životního prostředí,  |c 2004 
300 |a 48 s. :  |b barev. il., mapy ;  |c 21 cm 
500 |a Vydáno v rámci grantu města Ústí nad Labem za r. 2004 
500 |a Nad názvem: Fakulta životního prostředí Univerzity Jana Evangelisty Purkyně Ústí nad Labem 
500 |a 100 výt. 
504 |a Obsahuje bibliografii a bibliografické odkazy 
650 0 7 |a vodní cesty  |7 ph116597  |z Česko  |2 czenas 
650 0 7 |a plavební kanály  |7 ph136648  |z Česko  |2 czenas 
650 0 7 |a říční doprava  |7 ph128331  |z Česko  |2 czenas 
650 0 9 |a waterways  |z Czechia  |2 eczenas 
650 0 9 |a navigation canals  |z Czechia  |2 eczenas 
650 0 9 |a river transport  |z Czechia  |2 eczenas 
655 7 |a studie  |7 fd133597  |2 czenas 
655 9 |a studies  |2 eczenas 
651 7 |a Labe (Česko a Německo : řeka : oblast)  |7 ge134310  |2 czenas 
651 7 |a Ústí nad Labem (Česko)  |7 ge131764  |2 czenas 
651 9 |a Elbe River Valley (Czechia and Germany)  |2 eczenas 
651 9 |a Ústí nad Labem (Czechia)  |2 eczenas 
700 1 |a Farský, Miroslav,  |d 1937-  |7 jn20000400663  |4 aut 
710 2 |a Univerzita J.E. Purkyně v Ústí nad Labem.  |b Fakulta životního prostředí  |7 kn20010709357 
910 2 |a BOA001  |b 2-1196.484 
990 |a BK 
995 |a 01 
991 |b 200802  |c NOV 
996 6 |b 2610330168  |c 2-1196.484  |l MZK  |r Sklad / do 1 hodiny  |n 6  |p p.v.  |w 000881789  |u 000010  |a 1  |e BOA001  |j MZK50  |s P